000 00597cam a2200217Ma 4500
001 41061
005 20230411085956.0
008 910918s1971 sp 000 0 spa d
035 _a(OCoLC)ocm48318095
040 _aEL$
_bspa
_cEL$
_dOCLCQ
035 _a(OCoLC)48318095
084 _a329
_bCh479p
049 _aGRAL
100 1 _aCharlot, Jean,
_d1898.
245 1 4 _aLos partidos políticos /
_cTraducción de M. Baras y J. Rodes.
260 _aBarcelona :
_bA. Redondo,
_c[1971]
300 _a246 p. ;
_c18 cm.
440 0 _aColección Beta ;
_v13
942 _2lcc
_cbk
994 _aC0
_bDRFGD
999 _c110307
_d110307